000
00290nam a2200121Ia 4500
008
191201s2015 xx 000 0 und d
100
_a
LAMBERT, Kenneth A
245
0
_a
Fundamentals of Python
260
_b
Cengage Learning
_c
2015
300
_a
394
650
_a
B.Tech(IT)
942
_2
ddc
_c
BK
999
_c
6897
_d
6897